| 000 | 00331nam a2200133Ia 4500 | ||
|---|---|---|---|
| 008 | 200615s9999||||xx |||||||||||||| ||und|| | ||
| 020 | _a9789382533191 | ||
| 082 |
_a620 _bMAN-D |
||
| 100 | _aDR.K.M.MOEED | ||
| 245 | 0 | _aMANUFACTURING SCIENCE AND TECHNOLOGY I | |
| 250 | _a4TH | ||
| 260 |
_anew delhi _bUMESH PUB _c2017 |
||
| 942 | _cBK | ||
| 999 |
_c29469 _d29469 |
||